Welcome to CU Library Online Public Access Catalogue (OPAC)

Angola: (Record no. 3793)

MARC details
000 -LEADER
fixed length control field 00417nam a22001457a 4500
005 - DATE AND TIME OF LATEST TRANSACTION
control field 20250210193304.0
008 - FIXED-LENGTH DATA ELEMENTS--GENERAL INFORMATION
fixed length control field 250210b |||||||| |||| 00| 0 eng d
050 ## - LIBRARY OF CONGRESS CALL NUMBER
Classification number HC950
Item number .A1 CHA
245 ## - TITLE STATEMENT
Title Angola:
Remainder of title A programme of action/
260 ## - PUBLICATION, DISTRIBUTION, ETC.
Place of publication, distribution, etc. Braamfontein
Name of publisher, distributor, etc. OSISA
Date of publication, distribution, etc. 2003
300 ## - PHYSICAL DESCRIPTION
Extent vi. 219p.
Other physical details ill.
Dimensions 20.5 cm
650 ## - SUBJECT ADDED ENTRY--TOPICAL TERM
Source of heading or term Development
710 ## - ADDED ENTRY--CORPORATE NAME
Corporate name or jurisdiction name as entry element The Open Society Initiative for Southern Africa
942 ## - ADDED ENTRY ELEMENTS (KOHA)
Source of classification or shelving scheme Library of Congress Classification
Koha item type Books
Suppress in OPAC No
999 ## -
-- 3793
-- 3793
Holdings
Withdrawn status Lost status Source of classification or shelving scheme Damaged status Not for loan Collection Home library Current library Shelving location Date acquired Total checkouts Full call number Barcode Date last seen Copy number Price effective from Koha item type
    Library of Congress Classification     Non-fiction Business Library (Miotso) Business Library (Miotso) General stacks 02/10/2025   HC950 .A1 CHA BSSM00000772 02/10/2025 1 02/10/2025 Books
    Library of Congress Classification     Non-fiction Business Library (Miotso) Business Library (Miotso) General stacks 02/10/2025   HC950 .A1 CHA BSSM00000773 02/10/2025 2 02/10/2025 Books
© 2023-2024 Copyright: Central University Libraries. All Rights Reserved | Created by: Mahone Tech Office